|
|
|
|
| LEADER |
00890pam a22002418a 4500 |
| 001 |
00025774 |
| 008 |
110811s2010 ||||||Viesd |
| 005 |
20171026081022.0 |
| 020 |
|
|
|c 31000
|
| 041 |
0 |
# |
|a Vie
|
| 082 |
1 |
4 |
|a 327.597
|b PH431CH
|
| 100 |
0 |
# |
|a Phạm Ngọc Hiền
|e Chủ Biên
|
| 245 |
0 |
0 |
|a Phòng, chống "diễn biến hòa bình" và "cách mạng màu" ở Việt Nam
|b Sách tham khảo
|
| 260 |
# |
# |
|a H.
|b Chính trị quốc gia
|c 2010
|
| 300 |
# |
# |
|a 214 tr.
|c 21 cm.
|
| 653 |
# |
# |
|a Chính trị xã hội
|
| 653 |
# |
# |
|a Cách mạng màu
|
| 653 |
# |
# |
|a Diễn biến hòa bình
|
| 852 |
# |
# |
|b Kho mượn
|j KM.0004626, KM.0021059
|
| 852 |
# |
# |
|b Kho đọc
|j KD.0010545
|
| 852 |
# |
# |
|j KM.0004626
|j KM.0021059
|j KD.0010545
|j KM.0025903
|
| 910 |
|
|
|d 11/08/2011
|
| 980 |
# |
# |
|a Trung tâm Học liệu Lê Vũ Hùng, Trường Đại học Đồng Tháp
|